[Event "World School-ch U13 Girls"]
[Site "Sochi"]
[Date "2016.12.08"]
[Round "6"]
[White "Kozyreva, Marina"]
[Black "Khuslen, Tuya"]
[Result "0-1"]
[WhiteElo "1643"]
[BlackElo "1630"]
[PlyCount "118"]
[EventDate "2016.12.03"]
[EventType "swiss"]
[EventRounds "9"]
[EventCountry "RUS"]
[SourceTitle "EXT 2018"]
[Source "ChessBase"]
[SourceDate "2017.10.13"]
[SourceVersion "1"]
[SourceVersionDate "2017.10.13"]
[SourceQuality "1"]

1. d4 d5 2. c4 c6 3. Nc3 Nf6 4. Bf4 e6 5. Nf3 Nbd7 6. h3 Be7 7. e3 0-0 8. Bd3 b6 9. 0-0 Bb7 10. Rc1 Rc8 11. Re1 c5 12. b3 h6 13. Ne5 cxd4 14. exd4 Ba3 15. Rc2 Bb4 16. Re3 dxc4 17. Bxc4 Bxc3 18. Rcxc3 Ne4 19. Rc1 Nxe5 20. dxe5 Qh4 21. Bg3 Nxg3 22. Rxg3 Rfd8 23. Qe1 Qf4 24. Re3 Rc5 25. Bf1 Rcd5 26. g3 Qd4 27. Bg2 R5d7 28. Bxb7 Rxb7 29. Qc3 Qd5 30. Qc6 Qd2 31. Qc2 Qd5 32. Qc6 Qd2 33. Qc2 Qa5 34. Rd3 Rf8 35. Qe2 b5 36. Rc5 Qa3 37. Qc2 Qa5 38. Rd6 Qe1+ 39. Kg2 a5 40. Qd2 Qxd2 41. Rxd2 Ra8 42. Rd6 b4 43. Kf3 a4 44. Rdc6 axb3 45. Rc8+ Kh7 46. axb3 Ra3 47. R8c7 Rxc7 48. Rxc7 Kg6 49. Ke4 Rxb3 50. Rb7 Rb2 51. f3 b3 52. Kf4 Rb1 53. h4 h5 54. Rb6 b2 55. Rb8 f6 56. exf6 gxf6 57. Rg8+ Kf7 58. Rb8 Kg7 59. Rb7+ Kg6 0-1

[Event "Asia-ch U14 Girls"]
[Site "Ulaanbaatar"]
[Date "2016.04.09"]
[Round "5"]
[White "Khuslen, Tuya"]
[Black "Nomindalai, Tumurbaatar"]
[Result "1/2-1/2"]
[WhiteElo "1564"]
[BlackElo "1800"]
[PlyCount "88"]
[EventDate "2016.04.06"]
[EventType "swiss"]
[EventRounds "9"]
[EventCountry "MGL"]
[SourceTitle "EXT 2017"]
[Source "ChessBase"]
[SourceDate "2016.10.25"]
[SourceVersion "1"]
[SourceVersionDate "2016.10.25"]
[SourceQuality "1"]

1. d4 Nf6 2. c4 c5 3. d5 b5 4. cxb5 a6 5. bxa6 Bxa6 6. Nc3 d6 7. Nf3 g6 8. g3 Bg7 9. Bg2 0-0 10. 0-0 Nbd7 11. Re1 Ng4 12. e4 Nge5 13. Bf1 Bxf1 14. Rxf1 c4 15. Nxe5 Nxe5 16. Ne2 Nd3 17. Qc2 Qc7 18. Nc3 Rfb8 19. Nd1 Nb4 20. Qe2 Nxa2 21. Bf4 Rc8 22. Qd2 c3 23. Nxc3 Bxc3 24. bxc3 Nxc3 25. Rxa8 Rxa8 26. Rc1 Ra3 27. Qb2 Qc4 28. Qxa3 Ne2+ 29. Kg2 Nxc1 30. Bxc1 Qxe4+ 31. Qf3 Qc4 32. Bf4 Kg7 33. Bd2 f6 34. g4 Qd4 35. Bc3 Qc4 36. h3 g5 37. Bb2 Qb5 38. Bd4 Qe8 39. Qf5 h6 40. Qe6 Qf8 41. Kg3 Qd8 42. Be3 Qc7 43. h4 Kf8 44. Qf5 Qc3 1/2-1/2

[Event "World ol U16"]
[Site "Ulaanbaatar"]
[Date "2015.08.26"]
[Round "8.4"]
[White "Bauyrzhan, Arnash"]
[Black "Khuslen, Tuya"]
[Result "1-0"]
[WhiteElo "2088"]
[BlackElo "1542"]
[PlyCount "75"]
[EventDate "2015.08.20"]
[EventType "team-swiss"]
[EventRounds "9"]
[EventCountry "MGL"]
[SourceTitle "EXT 2016"]
[Source "ChessBase"]
[SourceDate "2015.10.08"]
[SourceVersion "1"]
[SourceVersionDate "2015.10.08"]
[SourceQuality "1"]
[WhiteTeam "Kazakhstan II"]
[BlackTeam "Mongolia VIII"]
[WhiteTeamCountry "KAZ"]
[BlackTeamCountry "MGL"]

1. e4 c5 2. Nf3 Nc6 3. d4 cxd4 4. Nxd4 Nf6 5. Nc3 e5 6. Ndb5 d6 7. Bg5 a6 8. Na3 b5 9. Bxf6 gxf6 10. Nd5 f5 11. Bd3 Be6 12. c4 b4 13. Nc2 f4 14. Ncxb4 Nxb4 15. Nxb4 Rb8 16. Nc6 Qc7 17. Nxb8 Qxb8 18. Qb3 Qc8 19. Qc3 Bh6 20. c5 Rg8 21. cxd6 Qxc3+ 22. bxc3 a5 23. c4 Rxg2 24. c5 Bg5 25. Bf1 Rg4 26. Bh3 Rh4 27. Bxe6 fxe6 28. c6 f3 29. c7 Kd7 30. Rg1 Rxe4+ 31. Kf1 h6 32. Rxg5 hxg5 33. Rc1 Kc8 34. d7+ Kxd7 35. c8Q+ Ke7 36. Rc7+ Kf6 37. Qf8+ Kg6 38. Qf7+ 1-0